UBT Library

Financial accounting : (Record no. 40173)

000 -LEADER
fixed length control field 00773cam a22002294a 4500
001 - CONTROL NUMBER
control field 14164329
005 - DATE AND TIME OF LATEST TRANSACTION
control field 20180112041408.0
008 - FIXED-LENGTH DATA ELEMENTS--GENERAL INFORMATION
fixed length control field 051103s2007 ohua b 001 0 eng
010 ## - LIBRARY OF CONGRESS CONTROL NUMBER
LC control number 2005936759
020 ## - INTERNATIONAL STANDARD BOOK NUMBER
International Standard Book Number 0324312113 (hbk. : student ed.)
035 ## - SYSTEM CONTROL NUMBER
System control number (DLC)1951
040 ## - CATALOGING SOURCE
Original cataloging agency DLC
Transcribing agency DLC
041 ## - LANGUAGE CODE
Language code of text/sound track or separate title eng
080 ## - UNIVERSAL DECIMAL CLASSIFICATION NUMBER
Universal Decimal Classification number 336 JOA
100 1# - Rafti
Rafti 56
101 ## - Shkurtesa
Shkurtesa FIN
245 10 - TITLE STATEMENT
Title Financial accounting :
Statement of responsibility, etc Jonathan E. Duchac, James M. Reeve, Carl S. Warren.
504 ## - BIBLIOGRAPHY, ETC. NOTE
Bibliography, etc Includes bibliographical references and index.
906 ## - LOCAL DATA ELEMENT F, LDF (RLIN)
a 7
b cbc
c orignew
d 3
e epcn
f 20
g y-gencatlg
942 ## - ADDED ENTRY ELEMENTS (KOHA)
Source of classification or shelving scheme
Item type Books
Holdings
Withdrawn status Lost status Source of classification or shelving scheme Damaged status Not for loan Collection code Permanent location Current location Shelving location Date acquired Total Checkouts Full call number Barcode Date last seen Price effective from Koha item type
          Koleksioni i përgjithshem UBT - Lipjan UBT - Lipjan Koleksioni i përgjithshem 01/12/2018   336 JOA 002-2994957 01/12/2018 01/12/2018 Books
UBT Library © 2015-2024. All rights reserved University Education for Business and Technology